Eastern Utah Libraries Catalog: Duchesne, Heber, Roosevelt, & Vernal

And then, boom! / (Record no. 403806)

MARC details
000 -LEADER
fixed length control field 03433nam a22005771u 4500
001 - CONTROL NUMBER
control field playwb001628
003 - CONTROL NUMBER IDENTIFIER
control field UtOrBLW
005 - DATE AND TIME OF LATEST TRANSACTION
control field 20250122162320.0
006 - FIXED-LENGTH DATA ELEMENTS--ADDITIONAL MATERIAL CHARACTERISTICS--GENERAL INFORMATION
fixed length control field m jq h
007 - PHYSICAL DESCRIPTION FIXED FIELD--GENERAL INFORMATION
fixed length control field cs nzannnauuuu
007 - PHYSICAL DESCRIPTION FIXED FIELD--GENERAL INFORMATION
fixed length control field sz zunznnnzned
008 - FIXED-LENGTH DATA ELEMENTS--GENERAL INFORMATION
fixed length control field 240610s2024 ohua j 000 eng d
020 ## - INTERNATIONAL STANDARD BOOK NUMBER
Cancelled/invalid ISBN 9781420514360
Qualifying information (print)
020 ## - INTERNATIONAL STANDARD BOOK NUMBER
International Standard Book Number 9798822687530
Qualifying information (Wonderbook)
028 01 - PUBLISHER NUMBER
Publisher number WB001628
Source Playaway Products
035 ## - SYSTEM CONTROL NUMBER
System control number (OCoLC)1446221497
040 ## - CATALOGING SOURCE
Original cataloging agency UtOrBLW
Language of cataloging eng
Description conventions rda
Transcribing agency UtOrBLW
050 #4 - LIBRARY OF CONGRESS CALL NUMBER
Classification number PZ7.5.F57
Item number An 2024
082 04 - DEWEY DECIMAL CLASSIFICATION NUMBER
Classification number [Fic]
Edition number 23
092 ## - LOCALLY ASSIGNED DEWEY CALL NUMBER (OCLC)
Classification number junior wonderbook
Item number Fipps, Lisa
100 1# - MAIN ENTRY--PERSONAL NAME
Personal name Fipps, Lisa,
Relator term author.
9 (RLIN) 6412330
245 10 - TITLE STATEMENT
Title And then, boom! /
Statement of responsibility, etc Lisa Fipps.
250 ## - EDITION STATEMENT
Edition statement Large Print
264 #1 - Production, Publication, Distribution, Manufacture, and Copyright Notice.
Place of production, publication, distribution, manufacture Solon, Ohio :
Name of producer, publisher, distributor, manufacturer Playaway Products, LLC,
Date of production, publication, distribution, manufacture, or copyr [2024]
300 ## - PHYSICAL DESCRIPTION
Extent 1 Wonderbook :
Other physical details color illustrations ;
Dimensions cm.
336 ## - Content Type
Content type term spoken word
336 ## - Content Type
Content type term still image
337 ## - Media type
Media type term audio
337 ## - Media type
Media type term unmediated
338 ## - Carrier type
Carrier type term other
338 ## - Carrier type
Carrier type term volume
500 ## - GENERAL NOTE
General note Release date supplied by publisher.
500 ## - GENERAL NOTE
General note Issued as a Wonderbook, a pre-loaded audiobook player permanently attached to a hardcover book.
500 ## - GENERAL NOTE
General note Powered by a rechargeable battery ; USB charger required for recharging.
500 ## - GENERAL NOTE
General note Audiobook player has 2 modes. Read-Along mode narrates the story. Learning mode asks questions related to the story.
500 ## - GENERAL NOTE
General note Print book published by Penguin Random House.
500 ## - GENERAL NOTE
General note Audiobook originally released by Penguin Random House.
511 0# - PARTICIPANT OR PERFORMER NOTE
Participant or performer note Narrated by Michael Crouch.
520 ## - SUMMARY, ETC.
Summary, etc Joe Oak is used to living on unsteady ground. His mom can't be depended on as she never stays around long once she gets "the itch," and now he and his beloved grandmother find themselves without a home. Fortunately, Joe has an outlet in his journals and drawings and takes comfort from the lessons of comic bookssuperheroes have a lot of "and then, boom" moments, where everything threatens to go bust but somehow they land on their feet. And that seems to happen a lot to Joe too, as in this crisis his friend Nick helps them find a home in his trailer park. But things fall apart again when Joe is suddenly left to fend for himself. He doesn't tell anyone he's on his own, as he fears foster care and has hope his mom will come back. But time is running outbills are piling up, the electricity's been shut off, and the school year's about to end, meaning no more free meals. The struggle to feed himself gets intense, and Joe finds himself dumpster diving for meals. He's never felt so aloneuntil an emaciated little dog and her two tiny pups cross his path. And fate has even more in store for Joe, because an actual tornado is about to hit homeand just when it seems all is lost, his life turns in a direction that he never could have predicted.
521 2# - TARGET AUDIENCE NOTE
Target audience note Grades 5 - 6.
650 #0 - SUBJECT ADDED ENTRY--TOPICAL TERM
Topical term or geographic name as entry element Families
Form subdivision Fiction.
9 (RLIN) 5674501
650 #0 - SUBJECT ADDED ENTRY--TOPICAL TERM
Topical term or geographic name as entry element Poverty
Form subdivision Fiction.
9 (RLIN) 5735329
650 #0 - SUBJECT ADDED ENTRY--TOPICAL TERM
Topical term or geographic name as entry element Grief
Form subdivision Fiction.
9 (RLIN) 5681242
650 #0 - SUBJECT ADDED ENTRY--TOPICAL TERM
Topical term or geographic name as entry element Resilience (Personality trait)
Form subdivision Fiction.
9 (RLIN) 5744772
650 #0 - SUBJECT ADDED ENTRY--TOPICAL TERM
Topical term or geographic name as entry element Mobile home living
Form subdivision Fiction.
9 (RLIN) 6495032
655 #7 - INDEX TERM--GENRE/FORM
Genre/form data or focus term Novels in verse.
Source of term lcgft
655 #7 - INDEX TERM--GENRE/FORM
Genre/form data or focus term Children's audiobooks.
Source of term lcgft
9 (RLIN) 5675081
700 1# - ADDED ENTRY--PERSONAL NAME
Personal name Crouch, Michael
Titles and other words associated with a name (Illustrator),
Relator term narrator.
9 (RLIN) 6537015
710 2# - ADDED ENTRY--CORPORATE NAME
Corporate name or jurisdiction name as entry element Playaway Products, LLC,
Relator term issuing body.
9 (RLIN) 6466400
942 ## - ADDED ENTRY ELEMENTS (KOHA)
Source of classification or shelving scheme Dewey Decimal Classification
Koha item type Wonderbook
Holdings
Withdrawn status Lost status Source of classification or shelving scheme Damaged status Not for loan Collection code Home library Current library Shelving location Date acquired Source of acquisition Total Checkouts Total Renewals Full call number Barcode Date last seen Date checked out Cost, replacement price Price effective from Koha item type
    Dewey Decimal Classification     Junior Audiobooks Wasatch County Library Wasatch County Library Main Floor Junior Area 01/22/2025 Playaway 4 5 J Wonder Fipps 34301002089730 02/17/2026 02/10/2026 50.00 01/22/2025 Wonderbook
This project was made possible through a grant from the Institute of Museum and Library Service administered by the Utah State Library Division.

Wasatch County Library

  • 465 East 1200 South, Heber City, Utah 84032
  • Phone 435-654-1511 | Fax 435-654-6456

Hours

  • Monday - Friday 9:30 AM - 8:00 PM
  • Saturday 9:30 AM - 1:30 PM
  • Closed Sundays and Holidays